Economic development in rural sector

Bibliographic Details
Main Author: Sharma, Nand Kishor
Format: Book
Published: Jaipur : Deepak Parnami , 2006
Subjects:

MARC

LEADER 00000cam a2200000 7i4500
001 0000030187
005 20110113.0
008 110113
020 |a 8176113379 
090 0 0 |a 338.9   |b SHA 
100 0 |a Sharma, Nand Kishor 
245 0 0 |a Economic development in rural sector   |c Nand Kishor   |f Sarita Sharma 
260 |a Jaipur :   |b Deepak Parnami ,   |c 2006 
650 0 |a Economic development 
999 |a 0001027819   |b Book   |c REFERENCE   |e Perbadanan Perpustakaan Awam Johor